Banky pod vlivem tří faktorů

Budúcnosť bankovníctva pod vplyvom troch faktorov: populačné zmeny, rastúca konkurencia, transparentnosť. Vplyv stárnutia populácie a migrácia na činnosť bankovníctva. Globálna banková konkurencia. Vyššie nároky na detailnosť bankových informácií. Rast moci kupujúcich ako dôsledok jednoduchého príst...

Descrizione completa

Salvato in:
Dettagli Bibliografici
Natura: Capitolo di libro
Lingua:ceco
Soggetti:
Tags: Aggiungi Tag
Nessun Tag, puoi essere il primo ad aggiungerne!!

MARC

LEADER 00000naa$a2200000$$$4500
001 0049867
005 20231010090005.0
041 0 |a cze 
044 |a CZ 
245 1 0 |a Banky pod vlivem tří faktorů 
520 |a Budúcnosť bankovníctva pod vplyvom troch faktorov: populačné zmeny, rastúca konkurencia, transparentnosť. Vplyv stárnutia populácie a migrácia na činnosť bankovníctva. Globálna banková konkurencia. Vyššie nároky na detailnosť bankových informácií. Rast moci kupujúcich ako dôsledok jednoduchého prístupu k informáciám. Integrácia klientských dát. Charakteristika technologických schopností, ktoré majú vplyv na výkonnosť bánk. 
610 2 0 |a banky 
610 2 0 |a výkonnosť 
610 2 0 |a dáta 
610 2 0 |a integrácia 
610 2 0 |a informatika 
610 2 0 |a konkurencia 
610 2 0 |a starnutie populácie 
610 2 0 |a bankovníctvo